Πολιτισμός και τέχνη : επτά δοκίμια για το χορό
Αποθηκεύτηκε σε:
| Άλλοι συγγραφείς: | |
|---|---|
| Μορφή: | Βιβλίο |
| Γλώσσα: | Greek |
| Δημοσίευση: |
Αθήνα :
Προπομπός,
2000.
|
| Σειρά: | Παιδαγωγικός λόγος (Προπομπός)
|
| Θέματα: | |
| Ετικέτες: |
Προσθήκη ετικέτας
Δεν υπάρχουν, Καταχωρήστε ετικέτα πρώτοι!
|
MARC
| LEADER | 00000nam a2200000 a 4500 | ||
|---|---|---|---|
| 001 | 1/127734 | ||
| 008 | 231122s2000####gr | ||| |||| ||gre|| | ||
| 020 | |a 9607860136 | ||
| 040 | |a GR-MyUa |b gre |c GR-MyUa |e AACR2 | ||
| 041 | 0 | |a gre | |
| 082 | 7 | |a 792.8 |2 (23) | |
| 245 | 0 | 0 | |a Πολιτισμός και τέχνη : |b επτά δοκίμια για το χορό / |c Μαρία Κολιοπούλου ... [κ.ά.]. |
| 260 | |a Αθήνα : |b Προπομπός, |c 2000. | ||
| 300 | |a 206 σ. ; |c 24 εκ. | ||
| 490 | 1 | |a (Παιδαγωγικός λόγος) | |
| 650 | 0 | |a Dance | |
| 650 | 0 | |a Dance |x History. | |
| 650 | 0 | |a Dance |x Philosophy. | |
| 700 | 1 | |a Κολιοπούλου, Μαρία. | |
| 830 | 0 | |a Παιδαγωγικός λόγος (Προπομπός) | |
| 852 | |a INST |b LESVOS |e 20231122 |h 792.8 ΠΟΛ |p 005100065643 |q 005100065643 |t BK |y 0 | ||
| 970 | |a Δημάκη |b Μαρία |z 22-11-2023 | ||